<?xml version="1.0" encoding="UTF-8"?>
<resp>
  <nextPage>https://data.bn.org.pl/api/networks/bibs.marcxml?marc=001+b00001150002710&amp;sinceId=1150002711</nextPage>
  <collection>
    <record xmlns='http://www.loc.gov/MARC21/slim'><leader>00955namZa2200301ZiZ4500</leader><controlfield tag='001'>b00001150002710</controlfield><controlfield tag='005'>20241203215303.0</controlfield><controlfield tag='008'>230609s        pl           |000 0 pol c</controlfield><controlfield tag='009'>9913261161205606</controlfield><datafield ind1=' ' ind2=' ' tag='020'><subfield code='a'>8323795797</subfield></datafield><datafield ind1=' ' ind2=' ' tag='035'><subfield code='a'>KR_1KR_1_20120318002105085707-48omnis_kr</subfield></datafield><datafield ind1=' ' ind2=' ' tag='035'><subfield code='a'>KR_1_20120318002105085707</subfield><subfield code='9'>ExL</subfield></datafield><datafield ind1=' ' ind2=' ' tag='035'><subfield code='a'>(PL)b00001150002710</subfield></datafield><datafield ind1=' ' ind2=' ' tag='040'><subfield code='a'>KR_1</subfield><subfield code='c'>KR_1</subfield></datafield><datafield ind1='1' ind2=' ' tag='041'><subfield code='a'>pol</subfield><subfield code='h'>eng</subfield></datafield><datafield ind1='0' ind2='0' tag='245'><subfield code='a'>Puchatkowe rymowanki /</subfield><subfield code='c'>[tł. Natalia Usenko] ; Disney.</subfield></datafield><datafield ind1=' ' ind2=' ' tag='260'><subfield code='a'>W-wa :</subfield><subfield code='b'>Egmont Polska,</subfield><subfield code='c'>2004.</subfield></datafield><datafield ind1=' ' ind2=' ' tag='300'><subfield code='a'>[18] s. :</subfield><subfield code='b'>il. kolor. ;</subfield><subfield code='c'>16 cm.</subfield></datafield><datafield ind1='1' ind2=' ' tag='490'><subfield code='a'>Kubusiowe Opowieści</subfield></datafield><datafield ind1='1' ind2=' ' tag='490'><subfield code='a'>Czytanie jest Łatwe</subfield></datafield><datafield ind1=' ' ind2=' ' tag='500'><subfield code='a'>d</subfield></datafield><datafield ind1=' ' ind2='9' tag='650'><subfield code='a'>Opowiadanie dzieciece amerykańskie</subfield><subfield code='y'>21 w.</subfield></datafield><datafield ind1='1' ind2=' ' tag='700'><subfield code='a'>Usenko, Natalìâ Oleksandrìvna</subfield><subfield code='e'>Tł.</subfield></datafield><datafield ind1=' ' ind2=' ' tag='852'><subfield code='b'>48OMNIS_NETWORK</subfield><subfield code='8'>9913261161205606</subfield></datafield><datafield ind1=' ' ind2=' ' tag='852'><subfield code='b'>48OMNIS_KR</subfield><subfield code='8'>991000027089708216</subfield></datafield><datafield ind1=' ' ind2=' ' tag='920'><subfield code='a'>83-237-9579-7</subfield></datafield></record>
  </collection>
</resp>
